| 000 | 00998nam a2200121Ia 4500 | ||
|---|---|---|---|
| 008 | 220620s9999||||xx |||||||||||||| ||und|| | ||
| 245 | 0 | _aSUMP for Cities’ Sustainable Development | |
| 546 | _aEnglish[eng] | ||
| 650 | _asustainable urban mobility||SUMP||mobility measures||multicriteria decision making methods||MCDM||bus transportation system||urban infrastructure||network growth||Gini coefficient||complex systems||comprehensive traffic calming||active mobility||travel behaviour||quality of life||traffic safety||sustainable urban mobility planning||sustainable urban mobility plan||policy||problematisation||local transport||mobility plan||Sweden||Great Britain||Netherlands||Germany||development||autonomous cars||ITS and C-ITS||public infrastructure||Kendall method||pattern||social network analysis||tourist flow||visualization||Tibet | ||
| 700 | _aBurinskienė, Marija||Ušpalytė-Vitkūnienė, Rasa | ||
| 856 | _uhttps://mdpi.com/books/pdfview/book/3574 | ||
| 942 | _cEB | ||
| 999 |
_c25667 _d25667 |
||